<?xml version="1.0" encoding="UTF-8"?>
<collection xmlns="http://www.loc.gov/MARC21/slim">
 <record>
  <leader>01465nam a2200301   4500</leader>
  <controlfield tag="001">1/46395</controlfield>
  <controlfield tag="008">160621s1981    nyu      bi   00110 eng d</controlfield>
  <datafield tag="020" ind1=" " ind2=" ">
   <subfield code="a">0521237203</subfield>
  </datafield>
  <datafield tag="035" ind1=" " ind2=" ">
   <subfield code="l">49371</subfield>
  </datafield>
  <datafield tag="040" ind1=" " ind2=" ">
   <subfield code="a">GR-PeUP</subfield>
  </datafield>
  <datafield tag="082" ind1="0" ind2="0">
   <subfield code="a">382.6'09 41 WIN</subfield>
  </datafield>
  <datafield tag="100" ind1="1" ind2=" ">
   <subfield code="a">Winters, L. Alan.</subfield>
  </datafield>
  <datafield tag="245" ind1="1" ind2="3">
   <subfield code="a">An econometric model of the export sector :</subfield>
   <subfield code="b">UK visible exports and their prices 1955-1973 /</subfield>
   <subfield code="c">L. Alan Winters.</subfield>
  </datafield>
  <datafield tag="260" ind1=" " ind2=" ">
   <subfield code="a">Cambridge [Eng.] ; New York :</subfield>
   <subfield code="b">Cambridge University Press,</subfield>
   <subfield code="c">[1981].</subfield>
  </datafield>
  <datafield tag="300" ind1=" " ind2=" ">
   <subfield code="a">x, 251 σ. :</subfield>
   <subfield code="b">πίν., διαγρ.</subfield>
   <subfield code="c">23 εκ.</subfield>
  </datafield>
  <datafield tag="490" ind1="0" ind2=" ">
   <subfield code="a">Cambridge studies in applied econometrics ;</subfield>
  </datafield>
  <datafield tag="500" ind1=" " ind2=" ">
   <subfield code="a">Περιέχει σημειώσεις.</subfield>
  </datafield>
  <datafield tag="504" ind1=" " ind2=" ">
   <subfield code="a">Βιβλιογραφία: σ. 239-246.</subfield>
  </datafield>
  <datafield tag="504" ind1=" " ind2=" ">
   <subfield code="a">Ευρετήριο: σ. 247-251.</subfield>
  </datafield>
  <datafield tag="650" ind1=" " ind2="4">
   <subfield code="a">Prices</subfield>
   <subfield code="z">Great Britain</subfield>
   <subfield code="x">Mathematical models.</subfield>
  </datafield>
  <datafield tag="650" ind1=" " ind2="4">
   <subfield code="a">Exports</subfield>
   <subfield code="z">Great Britain</subfield>
   <subfield code="x">Mathematical models.</subfield>
  </datafield>
  <datafield tag="650" ind1=" " ind2="4">
   <subfield code="a">Τιμές</subfield>
   <subfield code="z">Μεγάλη Βρετανία</subfield>
   <subfield code="x">Μαθηματικά μοντέλα.</subfield>
  </datafield>
  <datafield tag="650" ind1=" " ind2="4">
   <subfield code="a">Εξαγωγές</subfield>
   <subfield code="z">Μεγάλη Βρετανία</subfield>
   <subfield code="x">Μαθηματικά μοντέλα.</subfield>
  </datafield>
  <datafield tag="651" ind1=" " ind2="0">
   <subfield code="a">Great Britain</subfield>
   <subfield code="x">Commerce</subfield>
   <subfield code="x">Mathematical models.</subfield>
  </datafield>
  <datafield tag="651" ind1=" " ind2="4">
   <subfield code="a">Μεγάλη Βρετανία</subfield>
   <subfield code="x">Εμπόριο</subfield>
   <subfield code="x">Μαθηματικά μοντέλα.</subfield>
  </datafield>
  <datafield tag="830" ind1=" " ind2=" ">
   <subfield code="a">Cambridge Studies in Applied Econometrics ;</subfield>
   <subfield code="v">4.</subfield>
  </datafield>
  <datafield tag="852" ind1=" " ind2=" ">
   <subfield code="a">INST</subfield>
   <subfield code="b">UNIPILB</subfield>
   <subfield code="c">MAIN</subfield>
   <subfield code="e">20160621</subfield>
   <subfield code="h">382.6'09 41 WIN</subfield>
   <subfield code="p">00175289</subfield>
   <subfield code="q">00175289</subfield>
   <subfield code="t">LOAN</subfield>
   <subfield code="y">0</subfield>
   <subfield code="4">1</subfield>
  </datafield>
  <datafield tag="856" ind1="4" ind2=" ">
   <subfield code="d">/webopac/covers/03/49371_0521237203.jpg</subfield>
  </datafield>
 </record>
</collection>
